Video Games Explained Badly - Statistics

General Stats
  • This quiz has been taken 99 times
  • The average score is 5 of 12
Answer Stats
Hint Answer % Correct
Italian man and brother jump on innocent living mushrooms and turtles all for a 16 year old girl Mario
96%
Man takes drugs, spawns into world where everything is square, kills the last of an endangered species Minecraft
86%
Mentally deranged father kills children and turns them into furries, giving the fursuits life FNAF
59%
Old woman and blue ChatGPT lady kidnap kids and turn them into super soldiers 500 years in the future Halo
49%
Racism with guns Call of Duty
38%
FREEDOM,DEMOCRACY Helldivers 2
37%
BALLIN' NBA 2K
37%
Like the above, but for kids Roblox
36%
Shooting Hitler in the balls Sniper Elite
32%
Leaking government documents and military aircraft War Thunder
26%
E-dating Valorant
14%
No wifi Dinosaur Game
1%
No matching quizzes found
Score Distribution
Percent of People with Each Score
Percentile by Number Answered
Your Score History
You have not taken this quiz